Advances in Quantum Chemistry.Volume 18-1986 /

Gespeichert in:
Bibliographische Detailangaben
1. Verfasser: Löwdin, Per-Olov (Verfasst von)
Format: Buch
Veröffentlicht: Orlando : Academic Press, 1986
Tags: Tag hinzufügen
Keine Tags, Fügen Sie das erste Tag hinzu!

MARC

LEADER 00000nam a22000003a 4500
001 stu16166
005 20150617225756.9
008 ------s1986----xxu---------------------d
040 |a STU  |b slo 
041 0
044 |a xxu 
080 |a 541.57 
100 1 |a Löwdin, Per-Olov  |4 aut 
245 1 |a Advances in Quantum Chemistry.Volume 18-1986 /  |c [aut.]Löwdin,Per-Olov 
260 |a Orlando :  |b Academic Press,  |c 1986 
300 |a 350 :  |b Lit.,index 
996 |b C85626  |c C*85626  |l CCIII  |s P  |a 0  |w stu16166_0001